000
00323nam a2200121Ia 4500
008
231120s2017 xx 000 0 und d
041
_a
eng
082
_a
751.42
100
_a
ROBIN BERRY
245
_a
COMPENDIUM OF WATERCOLOUR TECHNIQUES AND TRADE SECRETS
260
_a
SEARCH PRESS
_b
SEARCH PRESS
_c
2017
300
_a
P-176
999
_c
933329
_d
933329